000 00665nam a2200241 i 4500
001 C2-0287376
003 PPAK
005 20180728020709.0
008 080206s2008 my |||| ||||| | may d
020 _a9789833299140
040 _aPPAK
_beng
_cPPAK
_erda
082 0 4 _a371.144
_223
090 0 0 _a371.144
_bMOK
_dR
100 1 _aMok, Soon Sang,
_eauthor
245 1 0 _aPengurusan bimbingan & kaunseling
264 1 _aPuchong, Selangor :
_bPenerbitan Multimedia ,
_c2008
300 _a378 pages ;
_c22 cm
336 _2rdacontent
_atext
337 _2rdamedia
_aunmediated
338 _2rdacarrier
_avolume
650 1 0 _aTeachers - Evaluation
942 _ddc
_cB
999 _c93077
_d93077